| 000 | 00435nam a2200157Ia 4500 | ||
|---|---|---|---|
| 008 | 220216s9999 xx 000 0 und d | ||
| 100 | _aCoomarasamy A | ||
| 245 | 0 | _aUse of rubber derivatives and rubber seed oil in paints | |
| 260 |
_bRubber Research Institute of Sri Lanka Bulletin _c1977 |
||
| 300 | _a75-82 | ||
| 650 | _aNatural rubber | ||
| 650 | _aPaints | ||
| 650 | _aRubber seed | ||
| 650 | _aRubber seed oil | ||
| 942 | _cJS | ||
| 999 |
_c71934 _d71934 |
||